000
00335nam a2200133Ia 4500
008
240624s9999 xx 000 0 und d
041
_a
eng
082
_a
954 RUT
100
_a
RUTHERFORD ALEX
245
_a
EMPIRE OF THE MOGHUL BROTHERS AT WAR
260
_c
2010
_a
London
_b
Headline
300
_a
436 : p. : cm. ; 23
365
_c
RS
_b
20
999
_c
17188
_d
17188